История строительства Великого Сибирского железнодорожного пути: (К 60-летию начала строительства и 35-летию его завершения)

Dettagli Bibliografici
Autore principale: Паталеев А. В.
Ente Autore: Всесоюзное общество по распространению политических и научных знаний
Lingua:russo
Pubblicazione: Хабаровск, [Б. и.], 1951
Soggetti:
Natura: MixedMaterials Libro
KOHA link:https://koha.lib.tpu.ru/cgi-bin/koha/opac-detail.pl?biblionumber=199382

MARC

LEADER 00000nam0a2200000 4500
001 199382
005 20231101224858.0
010 |b 5000 экз. 
035 |a (RuTPU)RU\TPU\book\217411 
090 |a 199382 
100 |a 20110804d1951 m y0rusy50 ca 
101 0 |a rus 
102 |a RU 
105 |a y z 010zy 
200 1 |a История строительства Великого Сибирского железнодорожного пути  |e (К 60-летию начала строительства и 35-летию его завершения)  |f А. В. Паталеев  |g Всесоюзное общество по распространению политических и научных знаний; Хабаровское краевое отделение 
210 |a Хабаровск  |c [Б. и.]  |d 1951 
215 |a 24 с. 
610 1 |a Великий Сибирский железнодорожный путь 
610 1 |a создание 
610 1 |a 19 век 
610 1 |a история 
675 |a 625.1  |v 3 
700 1 |a Паталеев  |b А. В. 
712 0 2 |a Всесоюзное общество по распространению политических и научных знаний  |c (1947-1963)  |c (Москва)  |2 stltpush  |3 (RuTPU)RU\TPU\col\144  |9 23224 
801 1 |a RU  |b 63413507  |c 20110804 
801 2 |a RU  |b 63413507  |c 20160201  |g RCR 
942 |c BK